[Event "Teplice Open 2018"]
[Site "Teplice"]
[Date "2018.06.23"]
[Round "8"]
[White "Jarmula, Lukasz"]
[Black "Menezes, Christoph"]
[Result "1/2-1/2"]
[WhiteElo "2499"]
[BlackElo "2404"]
[Annotator "TA"]
[PlyCount "28"]
[EventDate "2018.06.22"]
[EventType "swiss"]
[EventCountry "CZE"]
[SourceTitle "playchess.com"]
[Source "ChessBase"]
[SourceQuality "1"]

{[%evp 17,28,10,14,0,29,30,23,25,43,0,0,0,0]} 1. e4 e5 2. Nf3 Nc6 3. Bc4 Bc5 4. O-O Nf6 5. d3 O-O 6. Nbd2 {[%cal Bb1d2,Bd2f1,Bf1e3][%mdl 32]} d6 7. c3 a5 {C54: Giuoco Piano: 4 c3 Nf6, main lines with 5 d4 and 5 d3} 8. h3 h6 9. Re1 Be6 {LiveBook: 34 Games} 10. b3 (10. Bb5 Qb8 11. Nf1 Qa7 12. Re2 a4 13. Ng3 Qa5 14. Bxc6 bxc6 15. Nh4 Rfe8 16. Re1 {½-½ (28) Mamedyarov,S (2808)-Karjakin,S (2782) Stavanger 2018}) 10... Qb8 11. Nf1 Qa7 12. Ne3 $146 ({Predecessor:} 12. Be3 Bxe3 13. Nxe3 Rad8 14. Qc2 Rfe8 15. Rad1 {1-0 (39) Gledura,B (2616)-Zanan,E (2493) Budapest 2018}) 12... Rad8 13. Nh4 d5 14. exd5 Nxd5 1/2-1/2

[Event "Teplice Open 2018"]
[Site "Teplice"]
[Date "2018.06.23"]
[Round "8"]
[White "Admiraal, Miguoel"]
[Black "Vlasak, Lukas"]
[Result "1-0"]
[WhiteElo "2465"]
[BlackElo "2378"]
[Annotator "TA"]
[PlyCount "93"]
[EventDate "2018.06.22"]
[EventType "swiss"]
[EventCountry "CZE"]
[SourceTitle "playchess.com"]
[Source "ChessBase"]
[SourceQuality "1"]

{[%evp 14,93,25,28,43,43,41,40,53,49,51,48,43,41,58,49,60,47,49,0,0,-18,29,33,73,59,59,56,54,46,50,62,60,0,0,5,5,0,0,0,15,16,38,0,6,0,0,0,0,0,42,12,52,43,54,42,60,42,65,50,75,47,43,43,56,45,63,56,140,112,234,233,1903,1847,1702,1670,2990,2232,29982,29983,29982,29983]} 1. d4 d5 2. c4 e6 3. Nc3 Nf6 4. cxd5 exd5 5. Bg5 Be7 6. e3 c6 7. Bd3 Nbd7 8. h3 {LiveBook: 75 Games. D35: Queen's Gambit Declined: Exchange Variation} (8. Nge2 Nf8 9. Qc2 Ne6 10. Bh4 g6 11. f3 O-O 12. O-O-O b6 13. g4 Bb7 14. Kb1 Rc8 15. Bxf6 Bxf6 16. h4 c5 17. h5 Qe7 18. f4 Rfe8 19. hxg6 fxg6 {1-0 (33) Wojtaszek,R (2738)-Yilmaz,M (2619) Batumi 2018}) 8... h6 9. Bf4 Nb6 10. Nf3 {White is slightly better.} Bd6 11. Bxd6 $146 ({Predecessor:} 11. Ne5 Qc7 12. O-O Be6 13. Rc1 a6 14. Qe2 Qe7 15. Bg3 O-O 16. f4 {1-0 (24) Galianina Ryjanova,J (2250)-Sipka,Z (2040) Gyor 1997}) 11... Qxd6 12. Ne5 Qe7 13. f4 Bd7 14. O-O Nc8 15. Qc2 Nd6 16. b4 O-O 17. a4 Rac8 18. g4 b6 19. Qg2 Nfe4 20. Nxe4 dxe4 21. Ba6 ({Much weaker is} 21. Bxe4 $6 Nxe4 22. Nxd7 Qxd7 $11) 21... Rc7 $1 22. Rac1 Be8 23. Be2 (23. f5 $14) 23... f6 $11 24. Nc4 Bf7 25. Nd2 Bd5 26. Rc3 Nb7 27. Rb1 Rf7 28. Nf1 Nd6 29. Rbc1 Ne8 30. Rb1 Nd6 31. Ng3 f5 32. Kh2 Qh4 33. Nxf5 Nxf5 34. gxf5 Rxf5 35. b5 Rf6 36. Rbc1 Kf7 37. Qg3 (37. Rg1 {feels hotter.} Kf8 38. Bc4 Qh5 39. Qa2 Rff7 40. Qc2) 37... Qxg3+ 38. Kxg3 Ke7 39. h4 {[%cal Bh3h4,Bh4h5][%mdl 32]} Kd6 40. h5 Rff7 {[#]} (40... g6 $14) 41. Bc4 $1 $16 Bxc4 (41... cxb5 $16 {is a better defense.} 42. Bxd5 Rxc3 43. Rxc3 Kxd5 44. axb5 Kd6) 42. Rxc4 $18 cxb5 $2 (42... c5 43. dxc5+ Rxc5) 43. Rxc7 Rxc7 44. Rxc7 Kxc7 45. axb5 $16 {[%cal Ba4b5,Bb5a6][%mdl 32] KP-KP} a5 46. bxa6 b5 47. d5 {Precision: White = 69%, Black = 30%.} 1-0

[Event "Teplice Open 2018"]
[Site "Teplice"]
[Date "2018.06.23"]
[Round "8"]
[White "Satyapragyan, Swayangsu"]
[Black "Stocek, Jiri"]
[Result "1/2-1/2"]
[WhiteElo "2395"]
[BlackElo "2570"]
[Annotator "TA"]
[PlyCount "136"]
[EventDate "2018.06.22"]
[EventType "swiss"]
[EventCountry "CZE"]
[SourceTitle "playchess.com"]
[Source "ChessBase"]
[SourceQuality "1"]

{[%evp 15,136,0,0,0,0,0,0,0,0,0,-10,-22,-25,-23,-19,-19,-18,-20,-18,-29,-29,-29,-26,-29,-22,-22,-20,-21,-32,-33,-20,-27,-33,-8,-2,-2,-2,-2,-2,-8,0,-29,0,-2,0,0,0,0,0,0,0,0,0,0,0,0,15,0,0,0,0,0,17,0,0,0,0,0,0,-17,-17,-17,-17,-17,-17,-17,-17,-17,-17,-17,-17,-17,-17,-43,-50,-50,0,0,0,0,0,0,0,0,0,0,0,0,0,0,0,0,0,0,0,0,0,0,0,0,0,0,0,0,0,0,0,0,0,0,0,0,8]} 1. e4 e6 2. d4 d5 3. Nd2 h6 (3... Be7 4. c3 c5 5. exd5 Qxd5 6. Ngf3 Nf6 7. Bc4 Qd8 8. dxc5 Bxc5 9. Qe2 O-O 10. O-O Nbd7 11. Ne4 Be7 12. Bf4 Nxe4 13. Qxe4 {0-1 (50) Svidler,P (2753)-Yu,Y (2759) Shenzhen 2018}) 4. Ngf3 Nf6 5. Bd3 c5 6. c3 {C03: Französische Verteidigung (Tarrasch-Variante)} cxd4 7. cxd4 dxe4 8. Nxe4 Nxe4 {LiveBook: 5 Partien} 9. Bxe4 Bb4+ 10. Bd2 Bxd2+ 11. Qxd2 Nd7 $146 12. Rc1 Nf6 13. Bb1 Qd6 14. Ne5 Bd7 {[%cal Bc8d7,Bd7e8,Be8c6][%mdl 32]} 15. O-O O-O 16. Rc3 {[#] Und weiter mit Tg3 wäre nett.} Rfd8 17. Rg3 {Droht Dxh6 und aus.} Kf8 18. Rd1 Be8 19. h3 Rac8 20. Qe2 Bc6 21. Rc3 Qd5 {[%csl Gc6][%cal Rd5g2] [#]} 22. Qf1 Ba4 23. Rdc1 Bb5 24. Qe1 Bc6 25. Nxc6 Rxc6 26. Rxc6 bxc6 27. Qb4+ Kg8 28. Kh2 Ne4 29. Qe1 Qd6+ 30. Kg1 Nf6 31. Rc4 Nd5 32. Be4 Nb6 33. Rxc6 Qxd4 34. b3 g5 35. Bf3 Nd7 36. Qc3 Ne5 37. Qxd4 Rxd4 $11 {[%mdl 4096] Endspiel KTL-KTS} 38. Ra6 Rd7 39. b4 Kg7 40. b5 Kf6 41. a4 Rc7 42. a5 Rc1+ 43. Kh2 Nxf3+ 44. gxf3 {KT-KT} Rc5 45. Rxa7 Rxb5 46. Kg2 h5 {[%cal Bh6h5,Bh5h4][%mdl 32]} 47. a6 Ra5 48. Kh2 Ra3 49. Kg3 h4+ 50. Kg2 $1 e5 51. Ra8 {Die Stellung ist ausgeglichen.} Kf5 52. Rf8 f6 {[%cal Bf7f6,Bf6f5][%mdl 32]} 53. Ra8 Kf4 54. a7 f5 55. Kg1 Ra2 ({Falsch wäre} 55... Rxf3 $2 56. Rf8 $18) 56. Kg2 Ra1 57. Kh2 Kxf3 58. Rf8 Rxa7 {Weiss muss nun ...f4 beachten.} 59. Rxf5+ Ke4 60. Rxg5 Kf4 (60... Ra2 {feels hotter.} 61. Kg2 Kf4 62. Rg4+ Kf5 63. Rxh4 e4) 61. Rg8 Kf3 62. Rf8+ Ke2 63. Re8 Rf7 64. Rxe5+ Kf1 65. Ra5 Rxf2+ 66. Kh1 Rb2 67. Rf5+ Rf2 68. Rxf2+ Kxf2 {Precision: Weiß = 80%, Schwarz = 71%.} 1/2-1/2

[Event "Teplice Open 2018"]
[Site "Teplice"]
[Date "2018.06.23"]
[Round "8"]
[White "Teclaf, Pawel"]
[Black "Peralta, Fernando"]
[Result "1/2-1/2"]
[WhiteElo "2384"]
[BlackElo "2567"]
[Annotator "TA"]
[PlyCount "98"]
[EventDate "2018.06.22"]
[EventType "swiss"]
[EventCountry "CZE"]
[SourceTitle "playchess.com"]
[Source "ChessBase"]
[SourceQuality "1"]

{[%evp 18,98,-77,-71,-63,-108,-114,-101,-89,-107,-68,-198,-200,-231,-234,-265,-190,-252,-255,-239,-134,-131,-137,-129,-142,-134,-119,-129,-103,-126,-122,-133,-116,-119,-113,-110,0,-120,-7,-8,-4,-8,-4,-27,0,0,0,0,0,0,0,0,0,0,0,0,0,-8,-8,-8,-8,-8,-8,-8,-8,-8,-8,-8,0,-8,-8,-8,-8,-8,-8,-8,-8,-8,-8,-8,-8,-8,-8]} 1. e4 c6 2. d4 d5 3. e5 Bf5 4. h4 h5 5. Bg5 (5. c4 e6 6. Nc3 Ne7 7. Nge2 Bg4 8. Bg5 Qb6 9. c5 Qc7 10. f3 Bf5 11. Ng3 f6 12. Bf4 Nd7 13. exf6 Qxf4 14. Nce2 Qh6 15. fxe7 Bxe7 16. Nxf5 exf5 {½-½ (27) Sutovsky,E (2647)-Artemiev,V (2704) Poikovsky 2018}) 5... Qb6 6. Bd3 {B12: Caro-Kann: Advance Variation} Qxd4 7. Nf3 Qg4 8. O-O Bxd3 9. Qxd3 e6 10. Nbd2 {LiveBook: 5 Games} Be7 11. c4 Bxg5 $1 12. Nxg5 {Threatens to win with cxd5.} Ne7 $1 {[%cal Bg8e7,Be7g6,Bg6e5][%mdl 32]} 13. Rac1 $146 Ng6 {White must now prevent ...Nf4.} 14. Qf3 {[#]} (14. f4 $1 $15) 14... O-O $1 $19 ({But not} 14... Nxe5 15. Qe3 $15) 15. cxd5 cxd5 ({Much less strong is} 15... Qxh4 16. Qe3) 16. Rc7 {[%cal Rc7f7]} Nxe5 17. Qxg4 (17. Qe3 $142 Nbc6 18. f4) 17... hxg4 18. f4 gxf3 (18... Nd3 $19 {aiming for ...Nc6.} 19. f5 Na6) 19. Ndxf3 $17 Nbc6 20. Nxe5 Nxe5 21. Rxb7 a5 22. Re1 Nc4 23. Rf1 {[%cal Rf1f7] [#]} Nd6 $1 {[%cal Rd6b7]} 24. Rd7 Nf5 25. Rc1 Rad8 26. Ra7 Ra8 27. Rd7 $1 Nxh4 (27... Rab8 $17 28. b3 Rb4) 28. Rcc7 $11 Rad8 29. Rxf7 Rxf7 30. Nxf7 {[%mdl 4096] Endgame KRN-KRN} Rb8 31. Ng5 {The position is equal.} e5 32. Rc5 g6 33. g3 Nf5 34. Rxd5 Rxb2 35. g4 {[#]} Rg2+ $1 {[%mdl 512]} 36. Kxg2 Ne3+ 37. Kf3 Nxd5 {KN-KN} 38. Ke4 Nc3+ 39. Kxe5 Nxa2 40. Kf6 a4 41. Kxg6 a3 42. Ne4 Kf8 43. g5 Nb4 {...a2 is the strong threat.} 44. Nc3 Kg8 (44... Nd5 $5 45. Na2 $8 Ke7 $11) 45. Kf5 Kg7 46. Ke4 Kg6 47. Kd4 Kxg5 48. Kc4 a2 49. Nxa2 $1 Nxa2 {Precision: White = 70%, Black = 67%.} 1/2-1/2

[Event "Teplice Open 2018"]
[Site "Teplice"]
[Date "2018.06.23"]
[Round "8"]
[White "Kozusek, Daniel"]
[Black "Thybo, Jesper Sondergaard"]
[Result "1/2-1/2"]
[WhiteElo "2297"]
[BlackElo "2502"]
[Annotator "TA"]
[PlyCount "78"]
[EventDate "2018.06.22"]
[EventType "swiss"]
[EventCountry "CZE"]
[SourceTitle "playchess.com"]
[Source "ChessBase"]
[SourceQuality "1"]

{[%evp 18,78,8,8,22,26,34,0,0,0,0,0,6,-45,0,-90,-86,-82,88,93,81,82,73,54,66,29,20,25,31,34,39,24,21,20,17,17,16,11,5,5,8,8,14,11,29,13,41,0,0,0,0,0,0,0,0,0,2,2,7,8,10,10,60]} 1. d4 {[%cal Bd2d4,Bd4d5][%mdl 32]} Nf6 2. c4 e6 3. Nf3 c5 4. d5 b5 5. e4 Nxe4 6. Bd3 {E10: Blumenfeld Gambit} Nf6 7. O-O bxc4 8. Bxc4 Ba6 9. Bxa6 Nxa6 10. Nc3 {LiveBook: 9 Games} Qc8 11. Bg5 Be7 12. Bxf6 $146 ({Predecessor:} 12. Rc1 O-O 13. d6 {0-1 (65) Sokolov,I (2626)-Kvon,A (2500) Helsingor 2017}) 12... Bxf6 13. Ne4 $1 {[%cal Re4d6] Black must now prevent Nd6+.} O-O 14. Nxf6+ gxf6 15. Qd2 (15. Rc1 $11) 15... Nc7 16. Qh6 (16. dxe6 $11 fxe6 17. Rac1) 16... Nxd5 $17 17. Rad1 {[#]} Qc6 $2 {[#]} (17... Qd8 $1 $17 {Strongly threatening ...Kh8.} 18. Rd3 Kh8) 18. Rd3 $1 $16 {Ne5! would kill now.} Ne7 19. Qxf6 Qe4 20. Qg5+ Qg6 21. Rxd7 (21. Qd2 {looks sharper.} Qf6 22. Rxd7 Nd5 23. Re1 Rfd8 24. Ne5) 21... Qxg5 22. Nxg5 Nd5 23. Rc1 c4 24. g3 Nb6 25. Rb7 Rfb8 26. Rxb8+ Rxb8 $11 {[%mdl 4096] Endgame KRN-KRN} 27. Ne4 Rd8 28. Rc2 Rd4 29. Nd2 e5 30. Kf1 a5 31. Ke2 a4 32. b3 (32. Nf1 {with more complications.} f6 33. Ne3 Kf7 34. Nf5 Rd7 35. Rd2) 32... axb3 {The position is equal.} 33. axb3 cxb3 34. Nxb3 Rb4 35. Nd2 Kg7 36. Nf1 Nd7 37. Ne3 Nf8 38. Rc5 Rb2+ 39. Kf1 Nd7 {Precision: White = 61%, Black = 53%.} 1/2-1/2

[Event "Teplice Open 2018"]
[Site "Teplice"]
[Date "2018.06.23"]
[Round "8"]
[White "Peek, Marcel"]
[Black "Zanan, Evgeny"]
[Result "0-1"]
[WhiteElo "2291"]
[BlackElo "2497"]
[Annotator "TA"]
[PlyCount "116"]
[EventDate "2018.06.22"]
[EventType "swiss"]
[EventCountry "CZE"]
[SourceTitle "playchess.com"]
[Source "ChessBase"]
[SourceQuality "1"]

{[%evp 17,116,0,6,0,6,-3,-2,-3,-7,0,27,25,35,9,89,97,76,39,86,44,97,-50,-38,-44,0,-47,-56,-40,0,-52,-37,-163,-138,-259,-269,-432,-432,-425,-413,-360,-289,-308,-158,-143,-87,-95,-91,-87,-97,-96,-96,-96,-96,-96,-96,-98,-24,-98,-101,-108,-104,-294,-307,-297,-301,-274,-259,-237,-165,-197,-201,-214,-181,-184,0,-93,-63,-63,-32,-328,-370,-360,-371,-364,-382,-1072,-949,-911,-804,-6617,-5077,-29974,-29975,-29977,-29978,-29977,-29979,-29988,-29989,-29990,-29991]} 1. d4 Nf6 2. c4 g6 3. Nc3 Bg7 4. e4 d6 5. Nf3 O-O 6. Be2 e5 7. Bg5 h6 8. Bh4 exd4 9. Nxd4 Nc6 {LiveBook: 7 Games. E92: King's Indian: Classical: 6 Be2 e5: 7 dxe5, 7 Be3 and Petrosian System without 7...Nbd7} 10. Nc2 (10. Nxc6 bxc6 11. Qc2 Qe8 12. O-O Rb8 13. Rab1 Nd7 14. Bg3 Nc5 15. b4 Ne6 16. Bd3 Qe7 17. Kh1 h5 18. h3 h4 {0-1 (46) Loeffler,S (2378)-Mazur,S (2446) Austria 2016}) 10... g5 11. Bg3 Re8 {The position is equal.} 12. f3 Nh5 13. Qd2 f5 14. O-O-O Qf6 $146 ({Predecessor:} 14... Nxg3 15. hxg3 fxe4 16. Nxe4 Bf5 17. Bd3 {½-½ (86) Vospernik,M (2085)-Svent,S (1960) Bled 2003}) 15. Ne3 fxe4 (15... Qf7 $11 {keeps the balance.} 16. Nxf5 Bxc3 17. Nxh6+ Kg7 18. Qxg5+ Qg6 19. Qxg6+ Kxg6) 16. Ned5 Qd8 17. Nxe4 Nd4 18. Bd3 Be6 (18... c6 $14 19. Ne3 Nxg3 20. hxg3 d5 21. cxd5 cxd5) 19. Ne3 {[#]} (19. Bf2 $16) 19... b5 $1 $15 {[%mdl 512] White must now prevent ...bxc4.} 20. Nc3 (20. cxb5 Bxa2) 20... bxc4 21. Bxc4 Bxc4 22. Nxc4 d5 {[#]} 23. Ne3 (23. Be5 $1 $11 {[%mdl 512]} Rxe5 24. Qxd4) 23... c6 $36 {[%mdl 2048] Black fights for an advantage.} 24. Bf2 (24. Rde1 $15) 24... Nf4 25. Rhe1 (25. Rde1 $17 {was the only defense.}) 25... Rb8 $1 $19 26. Nexd5 $2 {[#]} (26. Na4) 26... Nde2+ $1 {[%mdl 512]} 27. Nxe2 Bxb2+ ({Not} 27... cxd5 28. Nd4 $15) 28. Kc2 Nxd5 29. Bd4 Bxd4 (29... Ba3 $1 $19 30. Rb1 Rxb1 31. Rxb1 c5) 30. Nxd4 $17 Nb4+ ({Black should try} 30... Qf6 {aiming for ...Qg6+.} 31. Rxe8+ Rxe8) 31. Kc1 {Threatening a3.} Rxe1 32. Qxe1 {Qe6+ is the strong threat.} Nxa2+ 33. Kc2 {And now Qe6+ would win.} Nb4+ 34. Kc1 {Hoping for Qe6+.} Qd5 35. Qe6+ Qxe6 36. Nxe6 {[%mdl 4096] Endgame KRN-KRN} Re8 ({Black should play} 36... Kf7 $17 37. Nc5 Nd5) 37. Nc5 (37. Rd6 $11) 37... Re2 38. Rd8+ Kf7 {Threatens to win with ...Rc2+.} 39. Ne4 $2 (39. Rd7+ $17 Kg6 40. Rd6+ Kf7 41. Rd7+ Ke8 42. Rd2 Rxd2 43. Kxd2) 39... Rxg2 $19 40. Rd7+ Ke6 41. Rd6+ Ke5 42. Rxh6 Kf4 43. Nd2 Ke3 44. Re6+ {[#]} Kd3 $1 45. Rd6+ Ke3 (45... Kc3 $19 {( -> ...Rg1+)} 46. Ne4+ Kb3 47. Nd2+ Ka2) 46. Re6+ $17 Kf2 47. Re4 Nd3+ 48. Kd1 $2 {[%mdl 8192] [#]} (48. Kc2 $15 Nf4 49. Re5) 48... Rg1+ $1 $19 ({Weaker is} 48... Rxh2 49. Re2+ Kg1 50. Re3 $17) 49. Kc2 Ne1+ 50. Kc3 Nxf3 51. Ra4 $2 (51. Nxf3 Kxf3 52. Re8) 51... Nxd2 52. Kxd2 {KR-KR} Rg2 53. Rxa7 Rxh2 54. Rg7 {[#]} g4 $1 {[%cal Bg5g4,Bg4g3,Bg3g2][%mdl 32] Black mates.} 55. Rg6 (55. Rxg4 Kf3+) 55... g3 56. Rf6+ Kg1+ 57. Ke1 g2 58. Rxc6 Kh1 {Precision: White = 32%, Black = 54%.} 0-1

[Event "Teplice Open 2018"]
[Site "Teplice"]
[Date "2018.06.23"]
[Round "8"]
[White "Blom, Vincent"]
[Black "Kozak, Adam"]
[Result "1-0"]
[WhiteElo "2249"]
[BlackElo "2450"]
[Annotator "TA"]
[PlyCount "85"]
[EventDate "2018.06.22"]
[EventType "swiss"]
[EventCountry "CZE"]
[SourceTitle "playchess.com"]
[Source "ChessBase"]
[SourceQuality "1"]

{[%evp 17,85,0,11,14,14,-17,-8,-22,-12,-20,11,0,18,-4,1,0,12,-7,0,-14,23,26,108,108,71,43,54,31,44,62,131,101,37,0,0,0,824,214,803,785,5393,6087,5297,5289,2376,755,710,626,604,390,389,387,384,374,403,397,411,411,404,404,398,397,397,389,389,389,558,557,552,549]} 1. d4 Nf6 2. c4 e6 3. Nf3 b6 4. g3 Bb7 5. Bg2 Be7 6. O-O O-O 7. Nc3 Ne4 8. Nxe4 Bxe4 9. d5 Bf6 {LiveBook: 9 Games} 10. h4 $146 {E18: Queen's Indian: Old Main Line (4 g3 Bb7 5 Bg2 Be7 6 0-0 0-0 7 Nc3)} ({Predecessor:} 10. Ne1 exd5 11. f3 Bg6 12. cxd5 c5 13. Kh1 d6 14. e4 Qe7 15. Nc2 Nd7 16. Re1 h6 17. Rb1 Rfe8 {0-1 (34) Henriquez Villagra,C (2491)-Gurevich,D (2459) Barbera del Valles 2016}) 10... Re8 11. Ng5 Bxg2 12. Kxg2 {The position is equal.} h6 13. Ne4 d6 14. dxe6 fxe6 15. a4 a5 16. Ra3 Nd7 17. g4 {Threatening g5.} Bxh4 18. Rh3 Ne5 19. Rfh1 Ng6 (19... d5 $1 $11) 20. Qc2 $1 $16 {[%mdl 1024] White has strong compensation.} Rf8 21. f3 {[%cal Bf2f3,Bf3f4,Bf4g5][%mdl 32]} Kf7 22. f4 $1 {[%cal Rf4f5] Strongly threatening f5.} Be7 $1 23. g5 hxg5 (23... Rg8 $14) 24. fxg5 Qe8 ({Black should try} 24... Ne5 $16) 25. Nf6 Qc6+ 26. Rf3 Ne5 $2 {[%mdl 8192] [#]} ({Avoid the trap} 26... gxf6 $2 27. Rh7+ Ke8 28. Qxg6+ Kd8 29. gxf6 $18) (26... Bxf6 $11 27. gxf6 Rh8 28. fxg7+ Kxg7) 27. g6+ $1 $18 {[%mdl 512]} Nxg6 28. Nd5+ Nf4+ 29. Rxf4+ Ke8 30. Rxf8+ Bxf8 31. Qg6+ (31. Qe4 $142 Kd7 {[#]} 32. Nf6+ $1 {[%mdl 512]} gxf6 33. Rh7+ Be7 34. Rxe7+ $1 {[%mdl 512]} Kxe7 35. Qxc6) 31... Kd7 32. Qf7+ Kc8 33. Qxf8+ Kb7 34. Qf3 exd5 35. Qxd5 Re8 36. Kf3 Re5 37. Qxc6+ Kxc6 {[%mdl 4096] Endgame KRB-KR} 38. b3 Re7 39. Rd1 Rf7+ 40. Ke4 Re7+ 41. Kd3 d5 (41... Re6 $142 42. Rg1 g6) 42. cxd5+ Kxd5 43. Rg1 {Precision: White = 64%, Black = 38%.} 1-0